000
00453nam a22001337a 4500
020
_a
9171781544
082
_a
011.51
100
_a
Kungliga Tekniska
245
_a
KTH in your pocket 2005 a guide to research projects at KTH,Stockholm
260
_a
Stockholm
_b
Kungliga Tekniska
_c
2004
300
_a
644p
942
_c
BK
999
_c
2564
_d
2564